000
00272nam a2200097Ia 4500
001
683460
005
20250826161438.0
008
250824s9999 xx 000 0 und d
245
0
_a
MEHMET AKİF ERSOY ÖZGÜRLÜK PEŞİNDE
_c
RECEP ŞÜKRÜ APUHAN
260
_b
TİMAŞ YAYINLARI
999
_c
683460
_d
683460